| 000 | 00965nam a22002657a 4500 | ||
|---|---|---|---|
| 999 |
_c15148 _d15148 |
||
| 003 | MIRAKIL | ||
| 005 | 20230215114724.0 | ||
| 008 | 230215b tu ||||| |||| 00| 0 tur d | ||
| 020 | _a9786053995210 | ||
| 040 |
_aTR-AnCHP _cTR-AnCHP |
||
| 041 | _atur | ||
| 082 |
_a320.561 _bE62f 2018 |
||
| 100 | _aErdoğan, Emre | ||
| 245 | 1 | 0 |
_aFanusta diyaloglar : _bTürkiye'de kutuplaşmanın boyutları / _c Emre Erdoğan - Pınar Uyan Semerci |
| 246 | _aTürkiye'de kutuplaşmanın boyutları | ||
| 260 |
_aİstanbul : _bİstanbul Bilgi Üniversitesi Yayınları, _c2018. |
||
| 300 |
_a161 s. : _bgrf., tbl. ; _c23 sm. |
||
| 490 | 0 |
_aİstanbul Bilgi Üniversitesi Yayınları ; _a Araştırma ; _v631. _v13. |
|
| 504 | _aKaynakça ve dizin vardır. | ||
| 650 | 0 |
_99 _aSiyaset ve yönetim _xTürkiye |
|
| 650 | 0 |
_95 _aTürkiye _xSiyasal kutuplaşma |
|
| 700 | 1 |
_94982 _aSemerci, Uyan Pınar |
|
| 740 | _aTürkiye'de kutuplaşmanın boyutları | ||
| 942 |
_2ddc _cBKS |
||